Top 5 most popular computer brands - Statistics

General Stats
  • This quiz has been taken 65 times
  • The average score is 4 of 5
Answer Stats
Market Share Answer % Correct
9.2% Apple
89%
16.1% Dell
80%
21.6% HP
71%
25.5% Lenovo
64%
7.1% Asus
49%
No matching quizzes found
Score Distribution
Percent of People with Each Score
Percentile by Number Answered
Your Score History
You have not taken this quiz